University Home | Library Home | Institutional Repository

Slave boy to priest : (Record no. 216597)

MARC details
000 -LEADER
fixed length control field 00621nam a22001697a 4500
005 - DATE AND TIME OF LATEST TRANSACTION
control field 20260414114722.0
008 - FIXED-LENGTH DATA ELEMENTS--GENERAL INFORMATION
fixed length control field 260414b |||||||| |||| 00| 0 eng d
040 ## - CATALOGING SOURCE
Original cataloging agency LC
Transcribing agency UNZA
Modifying agency UNZA
Description conventions RDA
050 ## - LIBRARY OF CONGRESS CALL NUMBER
Classification number ZAMB BV 3505
Item number KIL 1937
100 ## - MAIN ENTRY--PERSONAL NAME
Personal name Kilekwa, Petro
245 ## - TITLE STATEMENT
Title Slave boy to priest :
Remainder of title the autobiography of Padre Petro Kilekwa /
Statement of responsibility, etc. translated from Chinyanja by K. H. Nixon Smith
260 ## - PUBLICATION, DISTRIBUTION, ETC.
Place of publication, distribution, etc. [London] :
Name of publisher, distributor, etc. Universities' Mission to Central Africa,
Date of publication, distribution, etc. 1937.
300 ## - PHYSICAL DESCRIPTION
Extent 63 pages :
Other physical details illustrations.
650 ## - SUBJECT ADDED ENTRY--TOPICAL TERM
Topical term or geographic name entry element Padre Petro Kilekwa
General subdivision Autobiography
700 ## - ADDED ENTRY--PERSONAL NAME
Personal name Smith, K. H. Nixon
Relator term translator
942 ## - ADDED ENTRY ELEMENTS (KOHA)
Koha item type Zambian collection
999 ## -
-- 216597
-- 216597
Holdings
Withdrawn status Lost status Source of classification or shelving scheme Damaged status Not for loan Home library Current library Shelving location Date acquired Total Checkouts Full call number Barcode Date last seen Copy number Price effective from Koha item type
    Library of Congress Classification     Main Library Main Library Special collections 04/14/2026   ZAMB BV 3505 KIL 1937 33729001861272 04/14/2026 C.1 04/14/2026 Zambian collection
© 2026 - The University of Zambia Library - Koha v25.11